Great political thinkers - Plato to the present (Record no. 408663)

000 -LEADER
fixed length control field 00383cam a22001337a 4500
008 - FIXED-LENGTH DATA ELEMENTS--GENERAL INFORMATION
fixed length control field 180718b1972 xxu||||| |||| 00| 0 eng d
082 ## - DEWEY DECIMAL CLASSIFICATION NUMBER
Classification number B20 Eb34
100 ## - MAIN ENTRY--PERSONAL NAME
Personal name Ebenstein,William
245 ## - TITLE STATEMENT
Title Great political thinkers - Plato to the present
Statement of responsibility, etc. By William Ebenstein
250 ## - EDITION STATEMENT
Edition statement 3rd ed.
260 ## - PUBLICATION, DISTRIBUTION, ETC.
Place of publication, distribution, etc. Calcutta
Name of publisher, distributor, etc. Oxford & IBH
Date of publication, distribution, etc. 1972
300 ## - PHYSICAL DESCRIPTION
Extent xii, 978p
650 ## - SUBJECT ADDED ENTRY--TOPICAL TERM
Topical term or geographic name entry element Political science
Holdings
Withdrawn status Lost status Damaged status Not for loan Permanent Location Current Location Date acquired Full call number Barcode Date last seen Price effective from Koha item type
        Indian Institute of Public Administration Indian Institute of Public Administration 2008-12-23 B20 Eb34 DA4364 2018-07-21 2018-07-21 DA

Powered by Koha